01627cam a2200385Ii 4500001002300000003000700023005001700030007000700047008004100054010001700095040004000112020003100152020002500183035001900208043001200227082002300239090002400262100002400286245007600310260005000386300005100436504006400487650004200551610002100593600002700614600003100641600001800672600002400690856009600714856010100810942000700911506015000918506015401068999001901222fouragainstbanko00huxlCaSfIA20210118084309.0cr||||801205r19801969nyuaf b 001 0deng d a 80082216  aMDBcMDBdOCLdOCLCQdOCLCGdCaSfIA a087216750X (pbk.) :c$2.50 a9780872167506 (pbk.) a(OCoLC)7002255 ae-uk---04a364.16/3/09421219 aHV6685.G7bH88 19801 aHuxley, Ann,d1922-10aFour against the Bank of England /h[electronic resource] cAnn Huxley. aNew York :bPlayboy Paperbacks,c1980, c1969. a224 p., [8] leaves of plates :bill. ;c18 cm. aIncludes bibliographical references (p. 218-219) and index. 0aForgeryzGreat BritainvCase studies.20aBank of England.10aBidwell, Austin Biron.10aBidwell, George,dd. 1899.10aNoyes, Edwin.10aMacdonnell, George.41uhttp://www.archive.org/details/fouragainstbanko00huxlzFree eBook from the Internet Archive42uhttp://www.openlibrary.org/books/OL24588808MzAdditional information and access via Open Library cEB fНеобхідна авторизація на https://archive.org/ (створення облікового запису безкоштовно) fНеобхідна авторизація на https://openlibrary.org/ (створення облікового запису безкоштовно) c498398d498398